Top 50 Countries With The Highest Quality Of Life - Statistics

General Stats
  • This quiz has been taken 537 times
  • The average score is 41 of 50
Answer Stats
Index Country % Correct
168.82 Norway
98%
170.19 Sweden
98%
163.48 Canada
97%
180.27 Denmark
97%
178.95 Finland
97%
177.64 Australia
96%
164.06 Japan
96%
188.36 Switzerland
96%
156.20 United Kingdom
96%
159.83 United States
96%
163.80 Spain
95%
150.54 France
94%
174.60 Germany
94%
137.77 Italy
94%
127.79 Poland
94%
126.88 South Korea
94%
176.36 Austria
93%
175.24 New Zealand
93%
178.41 Iceland
92%
151.48 Ireland
92%
186.25 Netherlands
92%
157.25 Portugal
91%
127.96 Greece
90%
171.81 Luxembourg
90%
148.18 Belgium
89%
171.72 Estonia
88%
163.57 Czech Republic
87%
147.09 Slovakia
87%
165.74 Slovenia
87%
160.29 Lithuania
86%
146.80 Latvia
85%
146.48 Singapore
83%
156.94 United Arab Emirates
83%
134.54 Hungary
81%
155.41 Croatia
80%
130.86 Romania
79%
143.65 Israel
76%
153.60 Qatar
76%
122.42 Turkey
74%
124.73 Bulgaria
72%
120.42 Serbia
71%
144.69 Saudi Arabia
70%
116.89 Chile
67%
165.74 Oman
62%
146.08 Cyprus
59%
117.00 Malaysia
54%
131.37 Uruguay
53%
124.21 Costa Rica
43%
116.67 Panama
40%
119.82 Georgia
35%
No matching quizzes found
Score Distribution
Percent of People with Each Score
Percentile by Number Answered
Your Score History
You have not taken this quiz